Cities by Emojis - Statistics

General Stats
  • This quiz has been taken 75 times
  • The average score is 11 of 14
Answer Stats
Hint Answer % Correct
πŸ₯πŸ·πŸ₯– Paris
100%
πŸŽπŸ—½πŸŒ­ New York City
99%
πŸ—ΌπŸšπŸ—» Tokyo
93%
πŸ’‚πŸ‘‘β˜” London
92%
πŸΊπŸ‘Šβ˜˜οΈ Dublin
86%
πŸ›•πŸ«π“‚€ Cairo
80%
πŸπŸ—ΌπŸ’ Toronto
79%
β˜©βœ‘οΈπŸ• Jerusalem
72%
πŸ€ πŸ‚πŸš€ Houston
68%
πŸ§ΏπŸ•ŒπŸ¦ƒ Istanbul
68%
πŸ•Œβ˜ͺοΈπŸ•‹ Mecca
65%
πŸ―πŸ”΄πŸ₯Ÿ Beijing
61%
πŸ•·οΈπŸ¦ˆπŸ©΄ Perth
54%
πŸžοΈπŸ‘™βœοΈ Rio de Janeiro
42%
No matching quizzes found
Score Distribution
Percent of People with Each Score
Percentile by Number Answered
Your Score History
You have not taken this quiz